MARC

Tag First Indicator Second Indicator Subfields
LEADER 00000cam a2200000Ka 4500
001 in00004024949
005 20190416184055.0
006 m o d
007 cr bn||||||abp
007 cr bn||||||ada
008 160510s1982 mx a obs 000 0 spa d
019 |a 663197809 
020 |a 9786076283486  |q (electronic bk.) 
020 |a 6076283483  |q (electronic bk.) 
020 |z 9681201760 
020 |z 9789681201760 
035 |a (OCoLC)ocn949328573 
035 |a (OCoLC)949328573  |z (OCoLC)663197809 
037 |a 22573/ctv23hpzr  |b JSTOR 
040 |a OCLCE  |b eng  |e pn  |c OCLCE  |d OCLCO  |d OCLCF  |d OCLCQ  |d OCLCA  |d JSTOR  |d UtOrBLW 
042 |a dlr 
043 |a n-mx--- 
049 |a TXAM 
050 4 |a HA765  |b .L43 1982 
050 4 |a HB3531  |b .L42 1982 
072 7 |a HIS  |x 025000  |2 bisacsh 
072 7 |a SOC  |x 006000  |2 bisacsh 
072 7 |a SOC  |x 027000  |2 bisacsh 
082 0 4 |a 317.2 
245 0 0 |a Lecturas sobre temas demográficos /  |c Alejandro Mina Valdés (compilador). 
250 |a 1a ed. 
264 1 |a México, D.F. :  |b El Colegio de México,  |c 1982. 
300 |a 1 online resource (366 pages) :  |b illustrations 
336 |a text  |b txt  |2 rdacontent 
337 |a computer  |b c  |2 rdamedia 
338 |a online resource  |b cr  |2 rdacarrier 
504 |a Includes bibliographical references. 
588 0 |a Print version record. 
538 |a Master and use copy. Digital master created according to Benchmark for Faithful Digital Reproductions of Monographs and Serials, Version 1. Digital Library Federation, December 2002.  |u http://purl.oclc.org/DLF/benchrepro0212  |5 MiAaHDL 
583 1 |a digitized  |c 2011  |h HathiTrust Digital Library  |l committed to preserve  |2 pda  |5 MiAaHDL 
500 |a Electronic resource. 
651 0 |a Mexico  |x Population  |v Statistics.  |0 http://id.loc.gov/authorities/subjects/sh2008115860 
651 0 |a Mexico  |v Statistics, Vital. 
650 7 |a Population.  |2 fast  |0 (OCoLC)fst01071476 
651 7 |a Mexico.  |2 fast  |0 (OCoLC)fst01211700 
650 7 |a HISTORY / Latin America / Mexico.  |2 bisacsh 
655 7 |a Electronic books.  |2 local 
655 7 |a Statistics.  |2 fast  |0 (OCoLC)fst01423727 
655 7 |a Vital statistics.  |2 fast  |0 (OCoLC)fst01423730 
700 1 |a Mina Valdés, Alejandro.  |0 http://id.loc.gov/authorities/names/n87811642 
710 2 |a JSTOR (Organization)  |0 http://id.loc.gov/authorities/names/no97001983 
710 2 |a Colegio de México.  |b Centro de Estudios Demográficos y de Desarrollo Urbano.  |0 http://id.loc.gov/authorities/names/n84221449 
776 0 8 |i Print version:  |t Lecturas sobre temas demográficos.  |b 1a ed.  |d México, D.F. : El Colegio de México, 1982  |w (DLC) 93223990  |w (OCoLC)11654938 
856 4 0 |u http://proxy.library.tamu.edu/login?url=http://www.jstor.org/stable/10.2307/j.ctv233p46  |z Connect to the full text of this electronic book  |t 0 
999 f f |s 59edb8b8-6d2a-3612-b050-8204d9eeaab8  |i 6ba315b5-beca-3755-a796-459aef6d9fdf  |t 0 
952 f f |a Texas A&M University  |b College Station  |c Electronic Resources  |d Available Online  |t 0  |e HB3531 .L42 1982  |h Library of Congress classification 
998 f f |a HB3531 .L42 1982  |t 0  |l Available Online